INDIAN BAR REVIEW (2&3) [VOL-47] APRIL - SEPTEMBER] 2020 [A REFEREED JOURNAL] (Record no. 7432)

MARC details
000 -LEADER
fixed length control field 00450nam a22001577a 4500
005 - DATE AND TIME OF LATEST TRANSACTION
control field 20201128104915.0
008 - FIXED-LENGTH DATA ELEMENTS--GENERAL INFORMATION
fixed length control field 201128b xxu||||| |||| 00| 0 eng d
022 ## - INTERNATIONAL STANDARD SERIAL NUMBER
ISSN 978-81-931981-0-0
082 ## - DEWEY DECIMAL CLASSIFICATION NUMBER
Classification number 348.56
100 ## - MAIN ENTRY--AUTHOR NAME
Personal name DHAL, DEBI PRASAD
245 ## - TITLE STATEMENT
Title INDIAN BAR REVIEW (2&3) [VOL-47] APRIL - SEPTEMBER] 2020 [A REFEREED JOURNAL]
260 ## - PUBLICATION, DISTRIBUTION, ETC. (IMPRINT)
Place of publication NEW DELHI
Name of publisher BAR COUNCIL OF INDIAN TRUST
300 ## - PHYSICAL DESCRIPTION
Number of Pages 449p;
650 ## - SUBJECT ADDED ENTRY--TOPICAL TERM
Topical Term LAW
942 ## - ADDED ENTRY ELEMENTS (KOHA)
Koha item type Journals/Serial
Holdings
Lost status Damaged status Collection code Home library Current library Shelving location Date acquired Source of acquisition Cost, normal purchase price Full call number Accession Number Koha item type
    LAW JRU Library JRU Library SHELF-33-E 28/11/2020 PURCHES 16.00 348.56 25150 Journals/Serial
    LAW JRU Library JRU Library SHELF-33-F 28/11/2020 PURCHES 16.00 348.56 25151 Journals/Serial
    LAW JRU Library JRU Library SHELF-33-F 28/11/2020 PURCHES 16.00 348.56 25152 Journals/Serial
    LAW JRU Library JRU Library SHELF-33-F 28/11/2020 PURCHES 16.00 348.56 25153 Journals/Serial
    LAW JRU Library JRU Library SHELF-33-E 28/11/2020 PURCHES 16.00 348.56 25154 Journals/Serial
    LAW JRU Library JRU Library SHELF-33-F 28/11/2020 PURCHES 16.00 348.56 25155 Journals/Serial
    LAW JRU Library JRU Library SHELF-33-F 28/11/2020 PURCHES 16.00 348.56 25156 Journals/Serial
    LAW JRU Library JRU Library SHELF-33-E 28/11/2020 PURCHES 16.00 348.56 25157 Journals/Serial
    LAW JRU Library JRU Library SHELF-33-E 28/11/2020 PURCHES 16.00 348.56 25158 Journals/Serial
    LAW JRU Library JRU Library SHELF-33-F 28/11/2020 PURCHES 16.00 348.56 25159 Journals/Serial